书目信息 |
| 题名: |
学术论文写作
|
|
| 作者: | 鲁晓霞 编著 | |
| 分册: | ||
| 出版信息: | 郑州 中州古籍出版社 2004.07 |
|
| 页数: | 389页 | |
| 开本: | 20cm | |
| 丛书名: | ||
| 单 册: | ||
| 中图分类: | H194.4 | |
| 科图分类: | ||
| 主题词: | 汉语--语言教学 | |
| 电子资源: | ||
| ISBN: | 978-7-5348-2424-1 | |
| 000 | 00562nam0 2200193 45 | |
| 001 | 2060566542 | |
| 005 | 20201027165047.50 | |
| 010 | @a978-7-5348-2424-1@dRMB 26.00 | |
| 100 | @a20201027d2004 km y0chiy0120 ea | |
| 101 | 0 | @achi |
| 102 | @aCN@b410000 | |
| 200 | 1 | @a学术论文写作@Axue shu lun wen xie zuo@f鲁晓霞等编著@Flu xiao xia deng bian zhu |
| 210 | @a郑州@c中州古籍出版社@d2004.07 | |
| 215 | @a389页@d20cm | |
| 606 | 0 | @a汉语@x语言教学 |
| 690 | @aH194.4@v4 | |
| 701 | 0 | @a鲁晓霞@Alu xiao xia@4编著 |
| 801 | 0 | @aCN@bPFT@c20201027 |
| 905 | @a10447@dH194.4@eL824 | |
| 学术论文写作/鲁晓霞等编著.-郑州:中州古籍出版社,2004.07 |
| 389页;20cm |
| ISBN 978-7-5348-2424-1:RMB 26.00 |
| ● |
| 相关链接 |
|
|
|
正题名:学术论文写作
索取号:H194.4/L824
 
预约/预借
| 序号 | 登录号 | 条形码 | 馆藏地/架位号 | 状态 | 备注 |
| 1 | 1499462 | 214994620 | 语言库209/209语言库 78排1列6层/ [索取号:H194.4/L824] | 在馆 | |
| 2 | 1499463 | 214994639 | 语言库209/209语言库 78排1列6层/ [索取号:H194.4/L824] | 在馆 | |
| 3 | 1499464 | 214994648 | 语言库209/209语言库 78排1列6层/ [索取号:H194.4/L824] | 在馆 | |
| 4 | 1499465 | 214994657 | 语言库209/209语言库 78排1列6层/ [索取号:H194.4/L824] | 在馆 | |
| 5 | 1499466 | 214994666 | 语言库209/209语言库 78排1列6层/ [索取号:H194.4/L824] | 在馆 | |
| 6 | 1499467 | 214994675 | 语言库209/209语言库 78排1列6层/ [索取号:H194.4/L824] | 在馆 | |
| 7 | 1499468 | 214994684 | 语言库209/209语言库 78排1列6层/ [索取号:H194.4/L824] | 在馆 | |
| 8 | 1499469 | 214994693 | 语言库209/209语言库 78排1列6层/ [索取号:H194.4/L824] | 在馆 | |
| 9 | 1499470 | 214994700 | 语言库209/209语言库 78排1列6层/ [索取号:H194.4/L824] | 在馆 | |
| 10 | 1499471 | 214994719 | 语言库209/209语言库 78排1列6层/ [索取号:H194.4/L824] | 在馆 | |
| 11 | 1499472 | 214994728 | 语言库209/209语言库 78排1列6层/ [索取号:H194.4/L824] | 在馆 | |
| 12 | 1499473 | 214994737 | 语言库209/209语言库 78排1列6层/ [索取号:H194.4/L824] | 在馆 | |
| 13 | 1499474 | 214994746 | 语言库209/209语言库 78排1列6层/ [索取号:H194.4/L824] | 在馆 | |
| 14 | 1499475 | 214994755 | 语言库209/209语言库 78排1列6层/ [索取号:H194.4/L824] | 在馆 | |
| 15 | 1499476 | 214994764 | 语言库209/209语言库 78排1列6层/ [索取号:H194.4/L824] | 在馆 | |
| 16 | 1499477 | 214994773 | 语言库209/209语言库 78排1列6层/ [索取号:H194.4/L824] | 在馆 | |
| 17 | 1499478 | 214994782 | 语言库209/209语言库 78排1列6层/ [索取号:H194.4/L824] | 在馆 | |
| 18 | 1499479 | 214994791 | 语言库209/209语言库 78排1列6层/ [索取号:H194.4/L824] | 在馆 | |
| 19 | 1499480 | 214994808 | 语言库209/209语言库 78排1列6层/ [索取号:H194.4/L824] | 在馆 | |
| 20 | 1499481 | 214994817 | 语言库209/209语言库 78排1列6层/ [索取号:H194.4/L824] | 在馆 | |
| 21 | 1499482 | 214994826 | 语言库209/209语言库 78排1列6层/ [索取号:H194.4/L824] | 在馆 | |
| 22 | 1499483 | 214994835 | 语言库209/209语言库 78排1列6层/ [索取号:H194.4/L824] | 在馆 | |
| 23 | 1499484 | 214994844 | 语言库209/209语言库 78排1列6层/ [索取号:H194.4/L824] | 在馆 | |
| 24 | 1499485 | 214994853 | 语言库209/209语言库 78排1列6层/ [索取号:H194.4/L824] | 在馆 | |
| 25 | 1499486 | 214994862 | 语言库209/209语言库 78排1列6层/ [索取号:H194.4/L824] | 在馆 |